| 000 | 00873nam a2200325Ia 4500 | ||
|---|---|---|---|
| 008 | 171120s9999 xx 000 0 und d | ||
| 020 | _a9.7897127185e+012 | ||
| 050 | _a305.42 | ||
| 050 | _bS565 2006 | ||
| 100 | _aSicam, Paulynn P. | ||
| 245 | _aFilipino peace women : | ||
| 245 | _bnomenees to the 2005 mobel peace prize / | ||
| 245 | _cby Paulynn P. Sicam and Olivia H. Tripon. | ||
| 260 | _aPhilippines : | ||
| 260 | _bAnvil, | ||
| 260 | _c2006 | ||
| 300 | _a190 pages : | ||
| 300 | _billustrations ; | ||
| 300 | _c20cm. | ||
| 650 | _aWomen -- | ||
| 650 | _aWomen -- | ||
| 650 | _aWomen and peace -- | ||
| 650 | _aWomen in the profession -- | ||
| 650 | _xAward -- Philippines. | ||
| 650 | _xPhilippines -- Biography. | ||
| 650 | _xPhilippines -- Biography. | ||
| 650 | _xPhilippines. | ||
| 700 | _aTitle. | ||
| 700 | _aTripon, Olivia H. | ||
| 999 |
_c345399 _d345399 |
||